000 00875cam a2200265 a 4500
008
020 _a9781849207393 (pbk.)
049 _aMAIN
090 _aHD57.7
_bJAC
100 1 _aJackson, Brad.
245 1 2 _aA very short, fairly interesting and reasonably cheap book about studying leadership /
_cBrad Jackson and Ken Parry.
250 _a2nd ed.
260 _aLondon :
_bSAGE,
_c2011.
300 _axiii, 194 p. ;
_c21 cm.
490 0 _aVery short, fairly interesting and reasonably cheap book about--
504 _aIncludes bibliographical references, web sites and filmography (p. [152]-185).
500 _aIncludes index.
650 0 _aLeadership.
700 1 _aParry, Ken W.
907 _a.b10337350
_b11-11-13
_c11-11-13
003
005 20230123122039.0
040 _cNUST
942 _cBOOKS
_kHD57.7
_mJAC
999 _c126874
_d126874